[Event "Liptovsky Mikulas CupT U20"]
[Site "Liptovsky Mikulas"]
[Date "2017.06.22"]
[Round "3.2"]
[White "Cieslak, Wiktoria"]
[Black "Zlotov, Viktor"]
[Result "1-0"]
[WhiteElo "1991"]
[BlackElo "1635"]
[PlyCount "87"]
[EventDate "2017.06.21"]
[EventType "team-swiss"]
[EventRounds "8"]
[EventCountry "SVK"]
[SourceTitle "CBM 179 Extra"]
[Source "ChessBase"]
[SourceDate "2017.08.23"]
[SourceVersion "1"]
[SourceVersionDate "2017.08.23"]
[SourceQuality "1"]
[WhiteTeam "Jastrzebie Zdroj Pionier"]
[BlackTeam "Budapest EAC"]
[WhiteTeamCountry "POL"]
[BlackTeamCountry "HUN"]

1. e4 e5 2. Nf3 Nc6 3. d4 exd4 4. Nxd4 Nf6 5. Nxc6 bxc6 6. e5 Qe7 7. Qe2 Nd5 8. b3 g6 9. Bb2 Bg7 10. g3 Nb4 11. a3 Ba6 12. c4 Nd5 13. Bg2 Nb6 14. 0-0 0-0 15. Nd2 d5 16. Rfe1 Rfe8 17. Qe3 Rad8 18. Rac1 Bb7 19. a4 c5 20. cxd5 Bxd5 21. a5 Bxg2 22. axb6 Ba8 23. bxc7 Qxc7 24. f3 Qb7 25. Rf1 Qd7 26. Rf2 h5 27. Rxc5 Bf8 28. Rc4 Kh7 29. Ne4 Bxe4 30. Rxe4 Qb5 31. Rc4 Bh6 32. Qc3 Rd1+ 33. Kg2 Bg7 34. Rc5 Qb8 35. Rc7 Kg8 36. Qc4 Rf8 37. Ba3 Bxe5 38. Rc6 Bd6 39. Bb2 Qb4 40. Qc2 Qe1 41. Bc3 Qg1+ 42. Kh3 Rc1 43. Qd2 Qe1 44. Rxd6 1-0

[Event "Budapest Gyorgy Memorial 1st"]
[Site "Budapest"]
[Date "2016.11.10"]
[Round "1.5"]
[White "Zlotov, Viktor"]
[Black "Komarenko, Dmytro"]
[Result "1/2-1/2"]
[WhiteElo "1576"]
[BlackElo "1738"]
[PlyCount "96"]
[EventDate "2016.11.10"]
[EventType "swiss"]
[EventRounds "7"]
[EventCountry "HUN"]
[SourceTitle "EXT 2018"]
[Source "ChessBase"]
[SourceDate "2017.10.13"]
[SourceVersion "1"]
[SourceVersionDate "2017.10.13"]
[SourceQuality "1"]

1. e4 e5 2. Nf3 Nc6 3. Bc4 Bc5 4. c3 Nf6 5. d3 h6 6. Be3 Bb6 7. 0-0 0-0 8. Nbd2 d6 9. b4 Be6 10. a4 Re8 11. a5 Bxe3 12. fxe3 d5 13. exd5 Nxd5 14. Bxd5 Qxd5 15. d4 exd4 16. exd4 Qb5 17. Qc2 Bc4 18. Rf2 f6 19. Rd1 Ne7 20. Nh4 Rad8 21. Nf5 Nxf5 22. Rxf5 Rd5 23. Rf2 Re3 24. Nxc4 Qxc4 25. Rxf6 Rxd4 26. Rdf1 Qd3 27. Qa2+ Qc4 28. Qb1 Rdd3 29. Rf8+ Kh7 30. R8f3 Qe4 31. Rf4 Qg6 32. c4 Re2 33. R4f2 Rdd2 34. Qxg6+ Kxg6 35. Rxe2 Rxe2 36. Rb1 Rc2 37. c5 Kf5 38. a6 bxa6 39. Ra1 Ke5 40. Rxa6 Kd5 41. Rxa7 Kc6 42. b5+ Kxb5 43. Rxc7 g5 44. Rb7+ Kc6 45. Rb6+ Kd5 46. Rxh6 Rxc5 47. Rg6 Ke4 48. h3 Kf4 1/2-1/2

[Event "HUN-chT U18"]
[Site "Hajduboszormeny"]
[Date "2016.11.05"]
[Round "6.46"]
[White "Zlotov, Viktor"]
[Black "Balogh, Akos"]
[Result "0-1"]
[WhiteElo "1576"]
[BlackElo "1772"]
[PlyCount "144"]
[EventDate "2016.11.02"]
[EventType "team-swiss"]
[EventRounds "8"]
[EventCountry "HUN"]
[SourceTitle "CBM 175 Extra"]
[Source "ChessBase"]
[SourceDate "2016.12.12"]
[SourceVersion "1"]
[SourceVersionDate "2016.12.12"]
[SourceQuality "1"]

1. e4 c5 2. Nf3 e6 3. d4 cxd4 4. Nxd4 Nf6 5. Bg5 Qa5+ 6. Bd2 Qb6 7. Nb5 Nxe4 8. Be3 Bc5 9. Bxc5 Qxc5 10. Qe2 d5 11. f3 Nf6 12. Nd2 a6 13. Nc3 Nc6 14. Nb3 Qe7 15. 0-0-0 Bd7 16. g4 h6 17. Bg2 b5 18. f4 b4 19. Na4 Na5 20. Nac5 Bb5 21. Qf3 Nc4 22. Nd3 Ne4 23. Rhe1 Qf6 24. Rxe4 dxe4 25. Qxe4 0-0 26. h4 Rad8 27. Nbc5 Qd4 28. Qxd4 Rxd4 29. Re1 Nb6 30. g5 hxg5 31. hxg5 Bxd3 32. Nxd3 Rc8 33. Ne5 Rxf4 34. g6 fxg6 35. Nxg6 Rf7 36. Rxe6 Rf2 37. Be4 Nc4 38. Bd5 Rf1+ 39. Re1+ Kh7 40. Rxf1 Kxg6 41. Bxc4 Rxc4 42. Rg1+ Kf6 43. Rf1+ Kg5 44. Kd2 g6 45. Rf8 a5 46. Ra8 Rc5 47. c3 bxc3+ 48. bxc3 Kf4 49. Rf8+ Ke4 50. Rg8 g5 51. a4 Rd5+ 52. Ke2 Kf4 53. Rf8+ Rf5 54. Rh8 g4 55. Rh1 Kg5 56. Rc1 g3 57. c4 Kg4 58. c5 g2 59. c6 Rf8 60. c7 Rc8 61. Kf2 Kh3 62. Rc6 Rf8+ 63. Ke2 g1Q 64. Rh6+ Kg2 65. Rg6+ Kh1 66. Rxg1+ Kxg1 67. Kd3 Rc8 68. Kc4 Rxc7+ 69. Kb5 Ra7 70. Kb6 Ra8 71. Kb7 Rh8 72. Kb6 Rh5 0-1

[Event "HUN-chT U18"]
[Site "Hajduboszormeny"]
[Date "2016.11.03"]
[Round "2.46"]
[White "Nagy, Istvan"]
[Black "Zlotov, Viktor"]
[Result "0-1"]
[WhiteElo "1565"]
[BlackElo "1531"]
[PlyCount "68"]
[EventDate "2016.11.02"]
[EventType "team-swiss"]
[EventRounds "8"]
[EventCountry "HUN"]
[SourceTitle "CBM 175 Extra"]
[Source "ChessBase"]
[SourceDate "2016.12.12"]
[SourceVersion "1"]
[SourceVersionDate "2016.12.12"]
[SourceQuality "1"]

1. d4 d5 2. Nf3 e6 3. Bf4 c5 4. c3 Nc6 5. e3 Nf6 6. Nbd2 Be7 7. Be2 0-0 8. 0-0 Nd7 9. c4 f5 10. cxd5 exd5 11. Nb3 g5 12. Be5 g4 13. Ne1 c4 14. Nc5 Bxc5 15. dxc5 Ndxe5 16. Rc1 Be6 17. b3 f4 18. bxc4 dxc4 19. Qc2 f3 20. Rd1 fxe2 21. Qxe2 Qh4 22. f3 c3 23. Qf2 Qxf2+ 24. Rxf2 Rad8 25. Rc1 Nd3 26. Nxd3 Rxd3 27. Kf1 Bc4 28. Kg1 Rxe3 29. h4 g3 30. Rfc2 Nd4 31. Rxc3 Ne2+ 32. Kh1 Nxc3 33. a3 Rfe8 34. Rxc3 Re1# 0-1

[Event "Liptovsky Mikulas CupT U20"]
[Site "Liptovsky Mikulas"]
[Date "2016.06.26"]
[Round "8.2"]
[White "Zlotov, Viktor"]
[Black "Cibikova, Sofia Anna"]
[Result "1/2-1/2"]
[WhiteElo "1533"]
[BlackElo "1716"]
[PlyCount "116"]
[EventDate "2016.06.21"]
[EventType "team-swiss"]
[EventRounds "8"]
[EventCountry "SVK"]
[SourceTitle "CBM 173 Extra"]
[Source "ChessBase"]
[SourceDate "2016.08.29"]
[SourceVersion "1"]
[SourceVersionDate "2016.08.29"]
[SourceQuality "1"]
[WhiteTeam "Budapest EAC (U20)"]
[BlackTeam "Detva Garde (U20)"]
[WhiteTeamCountry "HUN"]
[BlackTeamCountry "SVK"]

1. e4 Nf6 2. e5 Nd5 3. d4 d6 4. Nf3 Bg4 5. Be2 e6 6. 0-0 Be7 7. c4 Nb6 8. a4 a5 9. exd6 cxd6 10. Qb3 Nc6 11. d5 exd5 12. cxd5 Bxf3 13. Qxf3 Nd4 14. Bb5+ Nxb5 15. axb5 0-0 16. Nc3 Bf6 17. Ne4 Re8 18. Nxf6+ Qxf6 19. Qxf6 gxf6 20. Bf4 Nxd5 21. Bxd6 Re6 22. Bc5 b6 23. Rad1 Nc7 24. Be3 Nxb5 25. Bf4 Rc8 26. Rd5 Nc7 27. Rd3 Re4 28. Bh6 Ne6 29. f4 f5 30. Rfd1 f6 31. Rd7 Re2 32. R7d3 Rxb2 33. h3 Rbc2 34. Rg3+ Kh8 35. Rd6 Rc1+ 36. Kh2 R1c6 37. Rd5 Rg8 38. Rxg8+ Kxg8 39. Rxf5 Kf7 40. Rh5 Kg6 41. g4 f5 42. Kg3 Rc5 43. Bg5 Nxg5 44. Rxg5+ Kf6 45. Rh5 fxg4 46. Rh6+ Kg7 47. Rxb6 gxh3 48. Kxh3 Rc3+ 49. Kg4 a4 50. Ra6 a3 51. Kh4 Kf7 52. Kg4 Rb3 53. Ra7+ Kf6 54. Rxh7 Rb1 55. Ra7 Ra1 56. Ra6+ Ke7 57. Kg3 a2 58. Kg2 Kf7 1/2-1/2

[Event "HUN-ch U14"]
[Site "Balatonlelle"]
[Date "2015.06.22"]
[Round "7"]
[White "Pogany, Zsombor"]
[Black "Zlotov, Viktor"]
[Result "1/2-1/2"]
[WhiteElo "1658"]
[BlackElo "1333"]
[PlyCount "52"]
[EventDate "2015.06.18"]
[EventType "swiss"]
[EventRounds "9"]
[EventCountry "HUN"]
[SourceTitle "CBM 167 Extra"]
[Source "ChessBase"]
[SourceDate "2015.09.14"]
[SourceVersion "1"]
[SourceVersionDate "2015.09.14"]
[SourceQuality "1"]

1. e4 e5 2. Nf3 Nc6 3. Nc3 d6 4. Bc4 g6 5. d3 Be6 6. Bxe6 fxe6 7. 0-0 Bg7 8. Re1 Nf6 9. Bg5 0-0 10. Qd2 Nd4 11. Nxd4 exd4 12. Ne2 e5 13. c3 dxc3 14. Nxc3 Qd7 15. Bh6 c6 16. Bxg7 Qxg7 17. Rad1 Rf7 18. d4 Raf8 19. f3 Nh5 20. Ne2 Nf4 21. Nxf4 Rxf4 22. d5 c5 23. Qa5 b6 24. Qb5 g5 25. Rf1 g4 26. fxg4 Qxg4 1/2-1/2